| 000 | 02190 a2200289 4500 | ||
|---|---|---|---|
| 001 | 49787 | ||
| 005 | 20260407155759.0 | ||
| 008 | 260407a1998 arg spa d | ||
| 003 | AR-UNSa-BCEJYS | ||
| 040 |
_aAR-UNSa-BCEJYS _bspa _cAR-UNSa-BCEJYS |
||
| 080 |
_a504.06 _xProtección del medio ambiente. Gestión de la calidad del medio ambiente |
||
| 245 | 1 | 0 |
_aManual de evaluación de impacto ambiental _ptécnicas para la elaboración de estudios de impacto |
| 020 | _a84-481-1251-2 | ||
| 250 | _a2a. ed. | ||
| 264 | 1 |
_aMadrid : _bMcGraw-Hill _c1998 |
|
| 300 |
_axxiv, 841 p. _c25 cm. |
||
| 505 | _a1. La Ley de la política ambiental nacional y su aplicación - 2. Planificación y gestión de los estudios de impacto - 3. Métodos simples de identificación de impacto: matrices, diagramas de redes y listas de control - 4. Descripción del emplazamiento ambiental - 5. Índice e indicadores ambientales que describen el medio afectado - 6. Predicción y evaluación de impactos sobre el medio ambiente atmosférico - 7. Predicción y evaluación de impactos en las aguas superficiales - 8. Predicción y evaluación de impactos en el suelo y aguas subterráneas - 9. Predicción y evaluación de impactos sonoros en el tiempo - 10. Predicción y evaluación de impactos sobre el medio biótico - 11. Métodos básicos en el hábitat para la predicción y evaluación del impacto biótico - 12. Predicción y evaluación de impactos en el medio ambiente cultural - 13. Predicción y evaluación de impactos visuales - 14. Previsión y evaluación de impactos en el medio ambiente - 15. Métodos de decisión para la evaluación de alternativas - 16. Participación pública en la toma de decisiones ambiental - 17. Preparación de la documentación - 18. Vigilancia ambiental. | ||
| 041 | _aspa | ||
| 942 | _cBK | ||
| 590 | _aniveau_biblio:m niveau_hierar:0 | ||
| 100 | 1 | _aCanter, Larry W. | |
| 700 | 1 | _aEspañol Echániz, Ignacio | |
| 700 | 1 | _aCastillo González, Isabel del | |
| 700 | 1 | _aAlós Cortés, Mercedes | |
| 700 | 1 | _aÁlvarez-Villamil Bárcena, Genoveva | |
| 856 | 4 | 1 |
_uhttps://www.biblioeco.unsa.edu.ar/pmb/images/libros/L128180.jpg _yImagen de portada _qimage/jpeg |
| 999 |
_c4882 _d4882 |
||